000
00283nam a2200109Ia 4500
008
200302s9999 xx 000 0 und d
100
_a
Fiedrich Von Borris
245
_a
Tv Towers --- 8559 Meters Politics And Architecture
260
_b
Erschienen im
260
_c
2009
300
_a
272 P
999
_c
4956
_d
4956